[Event "16th Delhi GM Open 2018"]
[Site "Delhi"]
[Date "2018.01.13"]
[Round "7"]
[White "Amonatov, Farrukh"]
[Black "Sindarov, Javokhir"]
[Result "1-0"]
[WhiteElo "2636"]
[BlackElo "2429"]
[Annotator "TA"]
[PlyCount "119"]
[EventDate "2018.??.??"]
[EventType "swiss"]
[EventCountry "IND"]
[SourceTitle "playchess.com"]
[Source "ChessBase"]
[SourceQuality "1"]

{[%evp 27,119,28,35,0,29,30,39,28,35,0,0,-8,8,0,8,8,15,14,15,0,0,0,0,0,0,-8,0,-7,0,0,0,0,0,0,0,0,0,0,12,0,27,0,0,0,8,8,8,12,21,22,25,32,20,27,104,32,55,0,0,0,0,0,8,8,24,10,105,104,132,120,149,127,120,0,68,66,69,16,17,24,362,113,130,131,1427,1379,5422,5173,5422,5406,5093,5065,1839,1637]} 1. e4 e5 2. Nf3 Nc6 3. Bb5 a6 4. Ba4 g6 5. c3 {[%cal Bc2c3,Bc3c4,Bc4c5][%mdl 32]} d6 6. d4 Bd7 7. O-O Bg7 8. d5 Nce7 9. Bxd7+ Qxd7 10. c4 h6 11. Nc3 f5 12. Ne1 {C76: Ruy Lopez: Deferred Steinitz: 5 c3 Bd7 6 d4 g6} Nf6 13. f3 O-O 14. Nd3 f4 {LiveBook: 4 Games} 15. c5 g5 16. Qa4 {[#]} Qd8 $146 ({Predecessor:} 16... b6 17. cxb6 cxb6 18. Qxd7 Nxd7 19. Bd2 Rfc8 {1-0 (55) Hamarat,T (2595)-Vukcevic,B (2510) Yugoslavia 1998}) 17. Qb3 Rb8 18. cxd6 cxd6 19. Nxe5 dxe5 20. d6+ $1 Kh8 21. dxe7 Qxe7 22. Bd2 g4 23. Be1 gxf3 24. gxf3 Qd7 {White should prevent ...Qh3.} 25. Rd1 {[%cal Ba1d1,Bd1d2,Bd2g2][%mdl 32]} Qh3 26. Rd2 $1 Rg8 {White must now prevent ...Bf8+.} 27. Rg2 Nh7 28. Kh1 Bf6 {[%csl Gg8][%cal Rh3g2]} 29. Qc2 Rg5 {Threatens to win with ...Rbg8.} 30. Qe2 Rbg8 {[%cal Rg5g2]} 31. Rxg5 hxg5 32. Qg2 Qxg2+ 33. Kxg2 g4 34. fxg4 Rxg4+ 35. Kf3 Rg6 36. h4 Rh6 37. Kg4 Bg7 38. Nd5 Nf6+ 39. Kf3 Ne8 40. Rg1 Nd6 (40... Kh7 $11 {keeps the balance.}) 41. a4 (41. Ne7 $1 $16) 41... Kh7 $14 42. b3 (42. Bb4 $14) 42... Nf7 $11 43. Ke2 Nd8 44. b4 Ne6 45. Bf2 Rg6 46. Rc1 {next Rc8 is good for White.} Rg2 (46... Bf8 $1 $11) 47. Kf3 $16 Rh2 48. Rc8 $1 Rh3+ {[#]} 49. Kg4 $1 {[%cal Rg4h3]} Rh2 50. Kf3 (50. Bb6 $16) 50... Rh3+ $1 $14 51. Kg2 Rb3 $1 52. Re8 ({White should play} 52. Rb8 $14) 52... Nd4 $11 53. Re7 Ne2 $2 {[%mdl 8192] [#]} (53... Nf3 $11 {and Black has nothing to worry.}) 54. Rxb7 $2 (54. Nf6+ $1 $18 Kh6 55. Ng4+ Kh7 56. h5 (56. Rxb7 Ng3 $16) (56. Nxe5 Kg8 $16)) 54... Kh6 55. a5 {[%cal Ba4a5,Ba5a6,Ba6a7][%mdl 32]} Nc3 $2 {[%mdl 8192]} (55... Ng3 $16) 56. Nxc3 $18 {White is clearly winning.} Rxc3 57. b5 axb5 58. a6 Ra3 59. a7 Bf6 60. Rb8 {Precision: White = 53%, Black = 41%.} 1-0

[Event "16th Delhi GM Open 2018"]
[Site "Delhi"]
[Date "2018.01.13"]
[Round "7"]
[White "Sengupta, Deep"]
[Black "Sivuk, Vitaly"]
[Result "1/2-1/2"]
[WhiteElo "2586"]
[BlackElo "2550"]
[Annotator "TA"]
[PlyCount "254"]
[EventDate "2018.??.??"]
[EventType "swiss"]
[EventCountry "IND"]
[SourceTitle "playchess.com"]
[Source "ChessBase"]
[SourceQuality "1"]

{[%evp 18,254,43,27,60,43,56,2,32,12,18,0,22,-18,-5,-3,-4,-25,-12,-35,-41,-45,-29,-67,-24,-58,-24,-57,-23,-23,-12,-12,-9,-10,-13,-16,-14,-15,-22,-16,0,-6,-9,-9,-3,-2,-2,-9,-9,-23,-16,-16,-16,-26,-24,-30,0,0,0,-230,-224,-233,-231,-277,-282,-774,-740,-2243,-8,-8,0,-63,0,-38,-29,-29,-29,-29,-29,-29,-29,-29,-29,-44,-44,-44,-44,-44,-44,-44,-8,-37,-8,-8,-8,-8,-8,-8,-8,-8,-8,-8,-8,-8,-8,-8,-8,-8,-8,-8,-8,-8,-8,-8,-8,-8,-8,-8,-8,-70,-8,-70,-8,-71,-71,-71,-71,-71,-69,-71,-71,-71,-71,-71,-71,-71,-8,-8,-8,-47,-8,-8,0,-8,0,-7,0,-8,0,0,0,0,0,0,0,0,0,-7,0,0,0,-8,-8,-8,-8,-8,-8,-8,-8,-8,-8,-8,0,-7,-8,-8,-8,-8,-8,-8,0,-8,-8,-8,-8,-8,0,0,0,0,0,0,0,-8,0,-8,0,-8,0,-8,0,-8,0,0,0,-8,0,-8,0,0,0,0,0,0,0,0,0,0,0,0,0,0,0,0,0,0,0,-8,0,0,0,0,0,0,0,-8,0,-8,0]} 1. e4 c6 2. d4 d5 3. e5 Bf5 4. Nf3 e6 5. Be2 Nd7 6. O-O Bg6 7. Nbd2 {B12: Caro-Kann (Vorstoß-Variante)} (7. a4 a5 8. Nbd2 Nh6 9. Nb3 Be7 10. Bxh6 gxh6 11. c3 Qb6 12. Ra2 O-O 13. g3 f6 14. exf6 Bxf6 {½-½ (52) Karjakin,S (2760)-Pantsulaia,L (2612) Riadh 2017}) 7... Nh6 8. Nb3 Nf5 9. a4 Be7 10. c3 {LiveBook: 3 Partien} Qc7 $146 ({Vorgänger:} 10... O-O 11. g4 Nh4 12. Nxh4 Bxh4 13. f4 f5 14. g5 h6 15. gxh6 gxh6 {½-½ (22) Kravtsiv,M (2549)-Zubarev,A (2546) Poltava 2008}) 11. a5 a6 12. Bg5 (12. g4 $14) 12... h6 13. Bxe7 Nxe7 14. c4 dxc4 15. Nbd2 b5 $36 {[%mdl 2048] Droht stark ...c5. Schwarz kämpft um Vorteil.} 16. axb6 $1 Nxb6 17. Qc1 O-O 18. Nxc4 Nxc4 19. Qxc4 a5 20. Nd2 {[%cal Bf3d2,Bd2b3,Bb3c5][%mdl 32]} Rfd8 21. Nb3 Qb6 22. Rfc1 Rab8 23. Bd1 Be4 24. Nc5 Bd5 25. Qd3 $1 Qb5 26. Bc2 {zielt auf Dh7+ ab.} Qxd3 27. Bxd3 Rxb2 28. Rxa5 Rb4 (28... Nf5 {with more complications.} 29. Bxf5 exf5 30. h4 Rd2 31. Ra4 g5) 29. Ra4 Rxa4 30. Nxa4 g5 31. Nc5 Kg7 32. f3 Ra8 33. Kf2 Ra3 34. Rc2 h5 35. h3 h4 36. Rb2 Nf5 37. Bxf5 $1 exf5 $11 {[%cal Be6f5,Bf5g4,Bg4g3][%mdl 4128] Endspiel KTL-KTS} 38. Rb7 $2 (38. Nd7 $1 $11 {und Weiss ist OK.}) 38... Ra2+ $19 39. Kg1 {[#]} g4 $1 {[%mdl 512]} 40. hxg4 (40. fxg4 fxg4) 40... fxg4 41. e6 $2 (41. Rb1) 41... g3 $1 42. Kf1 h3 $2 (42... Bc4+ $19 43. Ke1 Rxg2 44. Rxf7+ Kg8) 43. gxh3 $11 {Txf7+ ist eine echte Drohung.} Kg6 44. Ne4 (44. exf7 $1 $11 Bxf3 45. f8=N+ Kf6 46. Nh7+ Kg6 47. Nf8+ Kf6 48. Nh7+ Kg6 49. Nf8+) 44... fxe6 (44... Bc4+ $15 45. Kg1 Bxe6 46. Nxg3 Ra3) 45. Nxg3 c5 46. Rc7 cxd4 47. Ne2 $1 e5 48. Rc5 Bxf3 49. Rxe5 Kf6 50. Re8 {Schwarz muss nun Tf8+ beachten.} Bc6 51. Rd8 Bb5 52. Rxd4 Rxe2 $15 {KTL-KT} 53. Kg1 Ke5 54. Rg4 (54. Rb4 {is more complex.} Bd7 55. h4 Kf6 56. h5 Kg7 57. Rb7) 54... Bc6 55. h4 Bf3 56. Rb4 Be4 57. Kf1 Rh2 58. Ke1 Kf4 59. Kd1 Ke3 {[%cal Rh2h1]} 60. Rb3+ Bd3 {[%cal Rh2h1]} 61. Kc1 Kd4 62. Rb2 Rh3 63. Kd2 Bc4 64. h5 Bb3 65. h6 Kc4 66. h7 Rxh7 67. Ke3 Kc3 68. Rf2 ({Günstiger ist} 68. Rb1 $11) 68... Bd5 (68... Re7+ $15 69. Kf4 Bc2) 69. Kf4 (69. Re2 $11) 69... Re7 (69... Rf7+ $15 70. Kg3 Rd7) 70. Kg3 {[#]} (70. Rh2 $1 $11 {hält das Gleichgewicht.}) 70... Kd3 $1 $17 71. Kf4 Re8 72. Rb2 Bc4 73. Rf2 Kd4 74. Rd2+ {[#]} Bd3 $1 75. Rf2 Re7 76. Rf3 Rg7 (76... Be2 $17 77. Rb3 Bc4) 77. Rf2 $1 $11 Rg8 78. Rf3 Rf8+ 79. Kg3 $1 {Die Stellung ist ausgeglichen.} Bf5 80. Rf2 Ke5 (80... Rg8+ {is interesting.} 81. Kf4 Be4 82. Rd2+ Bd3 83. Rf2 Rf8+) 81. Rf3 Rh8 82. Kf2 (82. Re3+ {seems wilder.} Kd6 83. Kg2 Rh3 84. Re2 Rc3 85. Re8) 82... Be4 83. Rf7 Rh2+ 84. Ke3 Rh3+ 85. Kf2 Bf5 86. Ke2 Ke4 87. Kd2 Rf3 88. Rb7 Rd3+ 89. Kc2 Kd4 90. Rb4+ Kc5 91. Rb3 (91. Rb2 {with more complications.} Rh3+ 92. Kc1 Rh1+ 93. Kd2 Rh2+ 94. Kc1) 91... Rf3+ 92. Kb2 Rf2+ 93. Kc1 Kd4 94. Rb2 Rf1+ 95. Kd2 Bd3 96. Rb4+ Bc4 97. Rb2 Rh1 98. Rc2 Bb3 99. Rb2 (99. Rc8 {keeps more tension.} Rd1+ 100. Ke2 Rh1 101. Rd8+ Bd5 102. Rc8) 99... Rh3 100. Kc1 Rc3+ 101. Kd2 Rd3+ 102. Ke2 Ke4 103. Kf2 Kf4 104. Ke1 Rh3 (104... Kf3 {feels hotter.} 105. Rf2+ Kg3 106. Rb2 Ba4 107. Ke2 Rb3) 105. Kd2 Ke4 106. Ke1 Bc4 107. Kd2 Kd4 108. Rc2 Bd5 109. Rb2 Rh1 110. Rb4+ Bc4 {( -> ...Th2+)} 111. Rb2 Ra1 112. Kc2 Bd3+ 113. Kd2 Ra4 114. Rb3 Ra2+ 115. Kc1 Ke3 116. Rc3 Rh2 117. Rb3 Rg2 118. Rc3 Kd4 119. Rb3 Rc2+ 120. Kb1 Be4 121. Ka1 Bd5 122. Rb2 Rc5 123. Rd2+ (123. Rb1 {looks sharper.}) 123... Ke3 124. Rh2 Ra5+ 125. Kb1 Rb5+ 126. Rb2 Be4+ 127. Ka2 Rh5 {Precision: Weiß = 44%, Schwarz = 49%.} 1/2-1/2

[Event "16th Delhi GM Open 2018"]
[Site "Delhi"]
[Date "2018.01.13"]
[Round "7"]
[White "Tukhaev, Adam"]
[Black "Muthaiah AL"]
[Result "1/2-1/2"]
[WhiteElo "2570"]
[BlackElo "2291"]
[Annotator "TA"]
[PlyCount "81"]
[EventDate "2018.??.??"]
[EventType "swiss"]
[EventCountry "IND"]
[SourceTitle "playchess.com"]
[Source "ChessBase"]
[SourceQuality "1"]

{[%evp 18,81,16,0,15,0,0,0,4,14,21,13,56,0,10,0,0,-62,-60,-63,-63,-61,-65,-59,0,0,0,0,0,0,0,-2,0,-45,0,0,0,0,1085,-139,0,0,0,0,0,-29996,26,0,0,-29996,14,0,0,0,0,0,0,0,0,0,0,0,0,0,0,0]} 1. e4 {[%cal Be2e4,Be4e5][%mdl 32]} c5 2. Nf3 e6 3. c3 Nf6 4. e5 Nd5 5. d4 cxd4 6. cxd4 d6 7. Bc4 Be7 8. O-O O-O 9. Qe2 Nc6 10. Re1 Na5 {B22: Sicilian: 2 c3} (10... Qb6 11. Nc3 Nxd4 12. Nxd4 Qxd4 13. Bxd5 exd5 14. Nb5 Qb6 15. Be3 Qd8 16. exd6 Bxd6 17. Nxd6 Qxd6 18. Bd4 {½-½ (30) Zhigalko,S (2638)-Grischuk,A (2785) Heraklio 2017}) 11. Bxd5 exd5 12. Nc3 {next b4 is good for White.} Be6 13. Bf4 a6 14. Qd3 h6 $146 ({Predecessor:} 14... dxe5 15. dxe5 Rc8 16. Rad1 Nc4 17. Bc1 Nb6 18. Nd4 {0-1 (35) Elsbergs,J-Gierden,H ICCF email 2014}) 15. Re2 (15. exd6 $14 Bxd6 16. Bxd6 Qxd6 17. Na4) 15... Nc6 16. Rae1 dxe5 17. dxe5 (17. Nxe5 $11 Rc8 18. h3) 17... d4 $15 {[%cal Bd5d4,Bd4d3][%mdl 32]} 18. Ne4 Nb4 19. Qd1 d3 ({Don't play} 19... Nxa2 $6 20. Nxd4 Bg4 21. f3 $14) 20. Rd2 $1 Bxa2 (20... Qa5 $15 21. a3 Nc2) 21. b3 $11 Rc8 {White must now prevent ...g5.} 22. Nd6 Rc2 $36 {[%mdl 2048] Black has the initiative.} 23. Nd4 Bg5 24. g3 Bxf4 25. gxf4 Qh4 26. Nxc2 Bxb3 27. Qf3 Ba2 $2 {[%mdl 8192]} (27... Nxc2 $11 28. Rb1 Nd4 29. Qxd3 Bd5 30. Qxd4 Qg4+ 31. Kf1 Qg2+ 32. Ke2 Qf3+ 33. Kf1 Qh1+ 34. Ke2 Qf3+ 35. Kf1 Qh1+ 36. Ke2 Qf3+) 28. Qd1 $2 ({Better is} 28. Nxb4 $18 Be6 29. Nxd3) 28... Bb3 ({Avoid the trap} 28... Nxc2 $2 29. Re4 $18) ({Black should try} 28... dxc2 $17 29. Qf3 Be6) 29. Qf3 Nxc2 30. Rb1 Nd4 31. Re1 $2 {[%mdl 8192] [#]} (31. Qxd3 $11 Bd5 32. Qxd4 Qg4+ 33. Kf1 Qg2+ 34. Ke1 Qh1+ 35. Ke2 Qf3+ 36. Kf1 Qh1+ 37. Ke2 Qf3+ 38. Kf1 Qh1+ 39. Ke2) 31... Nc2 $2 (31... Nxf3+ 32. Kg2 Qg4+ 33. Kh1 Qh3 34. Nxb7 Qxh2#) 32. Rb1 Nd4 33. Re1 $2 {[%mdl 8192]} (33. Qxd3 $11 Bd5 34. Qxd4 Qg4+ 35. Kf1 Qg2+ 36. Ke1 Qh1+ 37. Ke2 Qf3+ 38. Kf1 Qh1+ 39. Ke2 Qf3+ 40. Kf1 Qh1+ 41. Ke2) 33... Nc2 $2 (33... Nxf3+ {mates} 34. Kg2 Qg4+ 35. Kh1 Qh3 36. Nxb7 Qxh2#) 34. Rb1 {The position is equal.} Nd4 35. Qxd3 Bd5 $1 {[#] Strongly threatening ...Qg4+.} 36. Qxd4 Qg4+ 37. Kf1 {[%cal Bg1f1,Bf1e1,Be1e2][%mdl 32]} Qg2+ 38. Ke1 Qh1+ 39. Ke2 Qf3+ 40. Ke1 Qh1+ 41. Ke2 {Precision: White = 43%, Black = 32%.} 1/2-1/2

[Event "16th Delhi GM Open 2018"]
[Site "Delhi"]
[Date "2018.01.13"]
[Round "7"]
[White "Tran, Tuan Minh"]
[Black "Karthikeyan, Murali"]
[Result "0-1"]
[WhiteElo "2548"]
[BlackElo "2580"]
[Annotator "TA"]
[PlyCount "106"]
[EventDate "2018.??.??"]
[EventType "swiss"]
[EventCountry "IND"]
[SourceTitle "playchess.com"]
[Source "ChessBase"]
[SourceQuality "1"]

{[%evp 17,106,28,35,-5,-7,-7,-7,-12,0,-6,-2,-17,-6,-7,-7,-14,-16,-9,-10,-8,-11,-28,-15,-14,-2,-15,-11,-15,0,-12,-12,-12,0,0,0,0,0,0,0,0,0,0,0,0,0,0,0,0,0,0,0,0,0,0,0,-12,0,-127,-90,-191,-43,-33,0,-174,-149,-164,-147,-152,-158,-185,-104,-105,-103,-96,-102,-239,-232,-398,-393,-387,-380,-612,-472,-894,-894,-893,-885,-884,-883,-854,-835]} 1. d4 Nf6 2. c4 g6 3. Nc3 Bg7 4. e4 d6 5. Nf3 O-O 6. Be2 e5 7. O-O Na6 8. Rb1 exd4 9. Nxd4 Re8 {LiveBook: 21 Games. E94: King's Indian: Classical: 6 Be2 e5 7 0-0: Various Black 7th moves} 10. Bf3 Nc5 {[%cal Rc5e4]} 11. Re1 $1 Bg4 $146 {The position is equal.} ({Predecessor:} 11... h6 12. b4 Ne6 13. Nxe6 Bxe6 14. e5 Nd7 15. Bxb7 Rb8 16. Bc6 Bf5 17. Rb3 Rxe5 {1-0 (34) Miladinovic,I (2607)-Tadic,B (2496) Vrsac 2007}) 12. Bg5 h6 13. Bxf6 Bxf3 $1 14. Qxf3 Qxf6 15. Qxf6 Bxf6 16. Ndb5 {[#] And now Nd5 would win.} Ne6 17. Nd5 Bd8 18. Rbd1 a6 19. Nbc3 c6 20. Ne3 Be7 21. g3 Rad8 22. f3 Nc5 23. b4 Nd7 24. Kf2 d5 25. cxd5 Bxb4 26. Rc1 Ne5 {Hoping for ...Nd3+.} 27. Red1 Bc5 {aiming for ...Nc4.} 28. Ke2 Kg7 29. dxc6 (29. h3 {feels hotter.} b5 30. dxc6 Nxc6 31. Ncd5 Nd4+ 32. Kf2) 29... Nxc6 30. Rxd8 Rxd8 31. Ncd5 Ba7 32. f4 Nd4+ 33. Kd3 Ne6 34. Ke2 b5 {[%cal Bb7b5,Bb5b4][%mdl 32]} 35. h4 h5 36. e5 a5 37. Kf3 (37. Nf6 $11 {keeps the balance.}) 37... b4 38. Ke4 {[#]} (38. Rd1 $17 {was necessary.}) 38... Nc5+ (38... Bxe3 $1 $19 39. Nxe3 Rd4+ 40. Kf3 Rd2) 39. Kf3 $15 Ne6 40. Ra1 $2 (40. Ke4 $11 {and White has nothing to worry.}) 40... Bxe3 41. Nxe3 $19 {[%mdl 4096] Endgame KRN-KRN} Rd2 42. Nc4 Rd3+ 43. Kf2 a4 (43... Nc5 $19 44. Nxa5 Ne4+ 45. Ke2 Rxg3) 44. Rb1 $17 b3 45. axb3 axb3 46. Nd6 (46. Nb2 $17 Rd8 47. Rd1) 46... Nd4 $19 47. Ne4 $2 (47. Nc4 {is a better defense.}) 47... Rf3+ 48. Kg2 Re3 49. Nc5 $2 (49. Nf2) 49... Rc3 {Black is clearly winning.} 50. Na4 (50. Nxb3 $142 Nxb3 51. Rd1) 50... Rc4 51. Nb6 Rc2+ 52. Kh3 Nf3 {[%csl Gf3][%cal Rc2h2]} 53. g4 Nd2 {Precision: White = 51%, Black = 63%.} 0-1

[Event "16th Delhi GM Open 2018"]
[Site "Delhi"]
[Date "2018.01.13"]
[Round "7"]
[White "Pruijssers, Roeland"]
[Black "Shyaamnikhil P"]
[Result "1-0"]
[WhiteElo "2536"]
[BlackElo "2397"]
[Annotator "TA"]
[PlyCount "67"]
[EventDate "2018.??.??"]
[EventType "swiss"]
[EventCountry "IND"]
[SourceTitle "playchess.com"]
[Source "ChessBase"]
[SourceQuality "1"]

{[%evp 11,67,2,17,16,27,12,28,28,33,10,27,25,31,21,31,20,47,14,37,35,67,67,89,69,81,10,10,25,48,0,0,0,8,8,3,3,3,2,40,13,23,41,71,47,122,118,166,166,166,163,230,228,427,416,1054,1065,1037,991]} 1. c4 g6 2. g3 Bg7 3. Bg2 Nf6 4. Nc3 O-O 5. e3 d6 6. Nge2 Nbd7 7. O-O {A16: Englische Eröffnung} a6 (7... e5 8. d3 a6 9. b4 Rb8 10. a4 Re8 11. b5 axb5 12. axb5 Nb6 13. e4 Nfd7 14. Be3 Nc5 15. Qc2 Qe7 16. Rae1 {1-0 (38) Leiva Rodriguez,J (2376)-Principe,A (2264) Lima 2013}) 8. b3 Rb8 9. a4 $146 {Weiß hat minimalen Vorteil.} ({Vorgänger:} 9. Bb2 e5 10. d4 Re8 11. Qc2 exd4 12. exd4 Nb6 13. Qd2 d5 14. c5 Na8 15. f3 c6 16. Rfe1 Nc7 17. Rad1 Ne6 18. Na4 h5 {0-1 (36) Preckel-Badenes Villa Gesell 1969}) 9... Re8 10. Bb2 e5 11. Qc2 a5 12. d4 exd4 13. exd4 Nf8 14. Rfe1 Bf5 15. Qd2 Qd7 16. d5 Bh3 17. Bh1 c5 18. dxc6 (18. Nd1 $16) 18... bxc6 $11 19. Nd4 Rec8 20. Ne4 (20. Rad1 {seems wilder.} Ne6 21. Nce2 Nc5 22. Qc2 Qc7 23. Nxc6 Bf5 24. Qc1) 20... Nxe4 21. Rxe4 {[%cal Be1e4,Be4d4,Bd4d3,Bd3d5,Bd5d6][%mdl 32]} Ne6 22. Nxe6 Bxb2 23. Qxb2 {[%csl Ge6][%cal Rb2g7] [#]} Bxe6 24. Rd1 Qc7 25. Red4 $36 {[%mdl 2048] Weiss hat Initiative.} Rd8 26. Qc3 Rb4 27. h4 h5 {[#]} (27... c5 $14 28. R4d3 Rdb8) 28. R4d3 $1 $16 c5 29. Qf6 Kh7 30. Re1 Rg8 (30... Re8 $142 31. Bd5 Qe7) 31. Bd5 $18 Bxd5 $2 (31... Qd8 32. Qxd8 Rxd8) 32. Re7 ({Nicht} 32. Rxd5 Rxb3 33. Rxd6 Qb7 $16) (32. cxd5 Rg7 $16) 32... Qd8 (32... Qxe7 $142 33. Qxe7 Be6 34. Qxd6 Rgb8 35. Qxc5 Rxb3 36. Rxb3 Rxb3 37. Qxa5 Bxc4) 33. Rxd5 Rg7 34. Rxd6 {Precision: Weiß = 71%, Schwarz = 23%.} 1-0

[Event "16th Delhi GM Open 2018"]
[Site "Delhi"]
[Date "2018.01.13"]
[Round "7"]
[White "Rahman, Ziaur"]
[Black "Naiditsch, Arkadij"]
[Result "0-1"]
[WhiteElo "2472"]
[BlackElo "2701"]
[Annotator "TA"]
[PlyCount "80"]
[EventDate "2018.??.??"]
[EventType "swiss"]
[EventCountry "IND"]
[SourceTitle "playchess.com"]
[Source "ChessBase"]
[SourceQuality "1"]

{[%evp 15,80,0,1,0,0,-52,-41,-41,-38,-41,-74,-50,-18,-37,-34,-40,-37,-45,-61,-72,-40,-30,-37,-66,-69,-115,-104,-176,-179,-182,-181,-166,-170,-173,-173,-202,-186,-193,-194,-172,-184,-191,-177,-165,-172,-174,-181,-174,-176,-150,-153,-150,-163,-155,-162,-183,-132,-363,-366,-344,-318,-462,-432,-695,-656,-1556,-1556]} 1. Nf3 Nf6 2. c4 g6 3. b4 Bg7 4. Bb2 O-O 5. g3 c6 6. Bg2 d5 7. cxd5 {A15: English Opening: 1...Nf6} Nxd5 (7... cxd5 8. O-O a5 9. b5 a4 10. Na3 Qd6 11. Nc2 Ne4 12. Rb1 Nd7 13. Bxg7 Kxg7 14. Rb4 Nef6 15. a3 e5 {1-0 (48) Salgado Lopez,I (2627)-Baklan,V (2601) Linares 2017}) 8. Bxg7 Kxg7 {LiveBook: 3 Games} 9. a3 {The position is equal.} a5 10. Nc3 ({White should try} 10. bxa5 $11 Qxa5 11. O-O) 10... Nxc3 $146 ({Predecessor:} 10... Bg4 11. O-O axb4 12. Nxd5 Qxd5 13. axb4 Rxa1 14. Qxa1+ f6 {0-1 (41) Pedersen,J (1397)-Camps,J (1512) IECC email 2005}) 11. dxc3 Qxd1+ 12. Rxd1 axb4 13. axb4 Ra3 14. Rc1 Na6 15. O-O Rd8 16. Ne5 Be6 17. Ra1 Rxa1 (17... Rxc3 {seems wilder.} 18. Nxc6 Rd2 19. h4 Rcc2 20. Be4 Rb2) 18. Rxa1 Nc7 19. h4 Nb5 $1 20. c4 Nc3 21. b5 (21. Ra7 $17 {was necessary.}) 21... cxb5 $19 22. cxb5 f6 ({And not} 22... Nxb5 23. Bxb7 Rd2 24. e3 $11) 23. Nf3 Nxe2+ 24. Kh2 Nc3 $1 25. Ra7 Bd5 ({Resist} 25... Nxb5 26. Rxb7 Bd7 27. Bh3 $17) 26. Nd4 Kf7 {And now ...Bxg2 would win.} 27. Nc2 Nxb5 28. Bxd5+ Rxd5 29. Rxb7 {[%mdl 4096] Endgame KRN-KRN} Rd2 30. Kg1 Nd6 31. Rc7 Ne4 32. Nb4 Nxf2 33. Nc6 {[#]} Ke6 $1 {[%cal Re6d6] Hoping for ...Kd6.} 34. Nxe7 {[#]} Ng4 $1 35. Nc8 h5 (35... Kf5 $19 {...Ne5 is the strong threat.} 36. Ne7+ Ke4) 36. Nb6 $2 (36. Ra7 $17) 36... Ne3 37. Kh1 Rd3 38. Na4 (38. Kg1 $142) 38... Kf5 {Black is clearly winning.} 39. Nb2 (39. Rc1 $142 Kg4 40. Nc5) 39... Rb3 40. Nc4 Nxc4 {Precision: White = 40%, Black = 87%.} 0-1

[Event "16th Delhi GM Open 2018"]
[Site "Delhi"]
[Date "2018.01.13"]
[Round "7"]
[White "Deviatkin, Andrei"]
[Black "Erigaisi Arjun"]
[Result "1-0"]
[WhiteElo "2471"]
[BlackElo "2386"]
[Annotator "TA"]
[PlyCount "75"]
[EventDate "2018.??.??"]
[EventType "swiss"]
[EventCountry "IND"]
[SourceTitle "playchess.com"]
[Source "ChessBase"]
[SourceQuality "1"]

{[%evp 25,75,0,8,-31,34,-15,5,10,17,13,53,39,42,50,69,49,66,81,74,67,75,78,729,-699,-695,-800,85,84,86,86,94,89,100,92,147,147,143,135,127,131,331,320,309,311,372,350,325,329,435,435,434,419]} 1. e4 e6 2. d4 d5 3. Nc3 Nf6 4. e5 Nfd7 5. Nce2 c5 6. c3 Nc6 7. Nf3 cxd4 8. cxd4 Ncb8 9. Nfg1 Nc6 10. Nf3 f6 11. Nf4 Bb4+ 12. Bd2 {C11: French: Classical System: 4 e5 and 4 Bg5 dxe4} Qe7 13. exf6 (13. Bxb4 Nxb4 14. g3 fxe5 15. dxe5 g5 16. Nd3 O-O 17. Be2 g4 18. Nd4 Nxd3+ 19. Qxd3 Nxe5 {0-1 (29) Zhou,Y (2470)-Hawkins,J (2590) London 2016}) 13... Nxf6 {LiveBook: 6 Games. aiming for ...Ne4.} 14. Nd3 {The position is equal.} Bd6 (14... Bxd2+ $15 15. Qxd2 Ne4) 15. g3 Ne4 $146 ({Predecessor:} 15... O-O 16. Bg2 Bd7 17. O-O Be8 18. Bf4 Bh5 19. Bxd6 Qxd6 {0-1 (25) Meijere,A (2150)-Rabinovich,A (2413) Dieren 1999}) 16. Bg2 O-O 17. O-O Nxd2 (17... b6 {with more complications.} 18. Be3 Ba6 19. Re1 Rac8 20. Rc1 Bb5) 18. Qxd2 Bd7 19. Qe3 Rac8 20. Rac1 Nb4 21. Nxb4 Bxb4 22. a3 Ba5 23. h4 Rc5 $2 {[%mdl 8192] [#]} (23... Rce8 $16) 24. Rc2 $4 {[%mdl 8192]} (24. Rxc5 $18 Qd8 25. Ne5) 24... Rxc2 $19 25. Rd1 Rc1 $2 ({Better is} 25... Rxb2 $19 26. Bh3 Ra2) 26. Rxc1 $16 Rc8 27. Rb1 Qf6 28. Bh3 Rc7 29. Kg2 Bc8 (29... Rc2 $142) 30. b4 Bb6 31. Re1 {[%cal Bb1e1,Be1e3,Be3f3][%mdl 32]} Rc6 32. Qd3 h6 $2 (32... Qg6 $16 33. Qe3 (33. Qxg6 hxg6 34. b5 Rd6 $16) 33... Qf6) 33. Ne5 $18 Rc7 34. Re3 Qd8 35. Bg4 Qe8 36. Qd1 Re7 {[#]} 37. Bh5 $1 {[%cal Rh5e8]} Qd8 38. Rf3 {Precision: White = 77%, Black = 21%.} 1-0

[Event "16th Delhi GM Open 2018"]
[Site "Delhi"]
[Date "2018.01.13"]
[Round "7"]
[White "Vignesh N R"]
[Black "Rozum, Ivan"]
[Result "1/2-1/2"]
[WhiteElo "2470"]
[BlackElo "2595"]
[Annotator "TA"]
[PlyCount "69"]
[EventDate "2018.??.??"]
[EventType "swiss"]
[EventCountry "IND"]
[SourceTitle "playchess.com"]
[Source "ChessBase"]
[SourceQuality "1"]

{[%evp 20,69,34,43,54,53,52,31,38,22,41,27,26,27,30,0,0,0,9,0,29,16,18,0,0,0,0,0,0,-4,-3,-12,0,0,0,-1,0,0,0,-6,2,3,9,8,8,0,0,0,0,0,0,0]} 1. e4 d6 2. d4 Nf6 3. Nc3 g6 4. f3 c6 5. Be3 Nbd7 6. Qd2 b5 7. O-O-O Bg7 8. Bh6 Bxh6 9. Qxh6 Qa5 10. Kb1 Bb7 11. Nh3 O-O-O {B07: Pirc-Ufimzew-Verteidigung} 12. a3 $146 ({Vorgänger:} 12. Bd3 a6 13. Rhe1 e5 14. dxe5 dxe5 15. Ng5 Rdf8 16. Rd2 Qc7 17. Red1 Nc5 18. Bf1 Qe7 19. a3 {1-0 (52) Yudasin,L (2580)-McNab,C (2475) Oviedo 1992}) 12... a6 13. Qd2 Qc7 {Weiß steht etwas besser.} 14. Na2 e5 15. c4 Qb6 16. cxb5 axb5 17. Be2 exd4 18. Qxd4 Qxd4 19. Rxd4 Nb6 20. Rc1 {Weiss will Lxb5 spielen.} Kb8 {Die Stellung ist ausgeglichen.} 21. Nf2 Rhe8 22. Rd2 d5 {[%cal Rd5e4]} 23. Nb4 Nc4 24. Bxc4 dxc4 25. Rcd1 Rxd2 26. Rxd2 Kc7 27. a4 Nd7 28. axb5 cxb5 29. Nd1 f5 30. Nc3 Bc6 {[%cal Rf5e4]} 31. Nxc6 Kxc6 32. Nxb5 fxe4 33. Na7+ Kc7 {[#] ...e3 ist eine echte Drohung.} 34. Nb5+ Kc6 35. Na7+ {Precision: Weiß = 60%, Schwarz = 79%.} 1/2-1/2